| 000 | 00406cam a2200157ua 4500 | ||
|---|---|---|---|
| 041 |
_aeng _h |
||
| 082 |
_a621.2 _bGOV/FL |
||
| 100 | _aGovindarao, N S . | ||
| 245 |
_aFluid flow machines / _cN S Govinda rao. _hTextual Documents |
||
| 250 |
_a1 / _b. |
||
| 260 |
_aNew Delhi : _bTata Mc-Graw Hill Publishing Company , _c1983. |
||
| 300 | _a393 ; . | ||
| 504 | _a | ||
| 942 | _cBK | ||
| 999 |
_c10868 _d10868 |
||